| 000 | 00541nam a2200241Ia 4500 | ||
|---|---|---|---|
| 008 | 210210b1947 xxu||||| |||| 00| 0 eng d | ||
| 041 | _aeng | ||
| 082 | _a960/94 | ||
| 100 | _a- | ||
| 245 | _aIAS advanced economic theory from 1951 to date | ||
| 260 |
_aNew Delhi _bCareers Institute Regd. _c1947 |
||
| 300 | _a13 | ||
| 650 | _ato | ||
| 650 | _atheory | ||
| 650 | _aIAS | ||
| 650 | _afrom | ||
| 650 | _aeconomic | ||
| 650 | _adate | ||
| 650 | _aadvanced | ||
| 650 | _a1951 | ||
| 690 | _aGeneral Knowledge | ||
| 906 | _a002378 | ||
| 999 |
_c121801 _d121801 |
||